LEADER 00882nam a2200253 i 4500 001 000000151952 003 CaOOAMICUS 005 20060719000000.0 008 060719s1979 fr u000 u fre u 013 $a129293 020 $a2-86435-001-7 040 $aSeMil$bita 100 1 $aSand, George,$d<1804-1876>.$0(OLS)http://semarc/name/3174 245 10$aConsuelo /$cGeorge Sand. 260 $aParis :$bEditions de la Sphère,$ccopyr. 1979. 300 $a623 p. ;$c23 cm. 500 $aFondo Ciprandi. 850 $aSeMil 852 $aSeMil$W1$xVenegono$y1$m1V V 171$j103930$B103930$CSeMilBibl$Z2$F112991 $81 941 1 $a1 961 $aOmaggio: Ciprandi dott. Paolo 996 $6020$a2-86435-001-7$9(OLS)http://semarc/number/141590 996 $6245$aConsuelo$9(OLS)http://semarc/title/25597 996 $6260$aParis :$bEditions de la Sphère$9(OLS)http://semarc/publisher/47991 LEADER 01146nam a2200265 4500 001 000000354405 003 CaOOAMICUS 005 20230623122720.0 008 230623s2022 xxk 000 u eng r 020 $a978-1-78959-243-6 040 $aSeMil$bita 100 1 $aSuggate, Alan M.$0(OLS)http://semarc/name/117791 245 10$aLiving culture, living Christ :$bon becoming fully human /$cAlan M. Suggate. 264 1$aDurham :$bSacristy Press,$c2022. 300 $aviii, 186 p. ;$c22 cm 650 4$aFede - Sec. 20.-21.$0(OLS)http://semarc/subject/9333 650 4$aVita cristiana.$0(OLS)http://semarc/subject/4445 650 4$aUmanesimo.$0(OLS)http://semarc/subject/4164 650 4$aCristianesimo e cultura.$0(OLS)http://semarc/subject/6562 850 $aSeMil 852 $aSeMil$W1$xVenegono$y1$m2D III 406$j241694$B245662$CSeMilBibl$Z2$F245662 $81 996 $6020$a978-1-78959-243-6$9(OLS)http://semarc/number/298404 996 $6245$aLiving culture, living Christ :$bon becoming fully human$9(OLS)http://semarc/title/444545 996 $6264$aDurham :$bSacristy Press$9(OLS)http://semarc/publisher/61087